000 00591nam a22002177a 4500
003 OSt
005 20220107122810.0
008 160322b xxu||||| |||| 00| 0 eng d
020 _a9788131702086
040 _cIIITMK
082 _a004.22 SIM/A
100 _aSima, Dezso
_98645
245 _aAdvanced computer architectures:
_bA design space approach
260 _aNew Delhi,
_bPearson,
_c2014.
300 _a791p.
650 _aCOMPUTER SCIENCE
_98646
650 _aCOMPUTER ARCHITECTURE
_98654
700 _aFountain, Terence
_98647
700 _aKarsuk, Peter
_98648
942 _2ddc
_cBK
999 _c5021
_d5021